000 006230000a22001810004500
003 MACL
005 20160227130056.0
008 160227b xxu||||| |||| 00| 0 eng d
040 _aMACL
_cMACL
041 _aHindi
082 _a800
100 _aसेठ डॉ. श्रीमती रमेश
_940685
245 _aतुकाराम एवं कबीर
_bएक तुलनात्‍मक अध्‍ययन
260 _bसाहित्‍य शोध सेस्‍थान
_c1954
_aनई दिल्‍ली
350 _a3
650 _aLiterature
_940884
942 _cHIN
_k920
_2ddc
999 _c23285
_d23285